Liquidació de la Diputació de Barcelona de l'exercici de 2003
Descripción Física:
3 v. ; 30 cm
MARC
| LEADER | 00000nam a2200000Ia 4500 | ||
|---|---|---|---|
| 001 | 22805, 22806, 22807 | ||
| 008 | 160829s2003 xx 000 0 cat d | ||
| 080 | |a Pressupostos | ||
| 110 | 1 | |a Barcelona (Catalunya : Província). |b Diputació |9 52408 | |
| 245 | |a Liquidació de la Diputació de Barcelona de l'exercici de 2003 | ||
| 260 | |a Barcelona : |b Diputació de Barcelona, Intervenció, |c 2003 | ||
| 300 | |a 3 v. ; |c 30 cm | ||
| 610 | 1 | 0 | |a Barcelona (Catalunya : Província). |b Diputació |x Assignacions pressupostàries i despeses |9 53789 |
| 650 | |a Finances públiques |x Barcelona (Província) |9 36756 | ||
| 650 | |a Despeses públiques |x Barcelona (Província) |9 38245 | ||
| 710 | 1 | |a Barcelona (Catalunya : Província). |b Servei d'Intervenció |9 55057 | |
| 866 | |a 1: Liquidació del pressupost d'ingressos, resultat pressupostari, romanament de Tresoreria; 2: Liquidació del pressupost de despeses; 3: Relacions nominals de deutors i creditors | ||
| 901 | |a Arxiu | ||
| 942 | |n 1 | ||
| 952 | |0 0 |1 0 |4 0 |6 PRESSUPOSTOS |7 1 |9 52870 |a Arxiu |b Arxiu |d 2016-12-01 |l 0 |o Pressupostos |p 22805, 22806, 22807 |r 2016-12-01 00:00:00 |w 2016-12-01 |y ARXIU | ||
| 999 | |c 56719 |d 56719 | ||